[Event "18th ch-EUR Indiv w 2017"]
[Site "Riga LAT"]
[Date "2017.04.14"]
[Round "4.49"]
[White "Mkrtchian,L"]
[Black "Caglar,Sila"]
[Result "1-0"]
[WhiteElo "2425"]
[BlackElo "2093"]

1.c4 e5 2.g3 Nf6 3.Bg2 d5 4.cxd5 Nxd5 5.Nc3 Nb6 6.d3 Be7 7.Be3 O-O 8.Rc1 Nc6
9.Bxc6 bxc6 10.Nf3 Bd6 11.Ne4 Nd5 12.Rxc6 Nxe3 13.fxe3 Bb7 14.Rc1 Bxe4 15.dxe4
Qb8 16.Qc2 Qb4+ 17.Kf2 Kh8 18.Rhd1 Qb7 19.Kg2 Rab8 20.b3 Qc8 21.Nd2 Ba3 22.Rb1
Rb6 23.Nc4 Rh6 24.Nxa3 Qh3+ 25.Kf2 Qxh2+ 26.Ke1 Qxg3+ 27.Kd2 Rd6+ 28.Kc3 Qxe3+
29.Kb2 Rd4 30.Nc4 Qxe4 31.Qxe4 Rxe4 32.e3 f5 33.Kc3 g5 34.Rd7 Rh4 35.Nxe5 Rh3
36.Kd4 c5+ 37.Kxc5 Rxe3 38.Nf7+ Kg8 39.Nh6+ Kh8 40.Rh1 f4 41.Ng4 Rf5+ 42.Kd4
Rg3 43.Rhxh7+ Kg8 44.Nh6+ {#r} 1-0

[Event "ch-DEN 2017"]
[Site "Skorping DEN"]
[Date "2017.04.14"]
[Round "7.4"]
[White "Ochsner,B"]
[Black "Sylvan,J"]
[Result "1-0"]
[WhiteElo "2433"]
[BlackElo "2425"]

1.Nf3 d5 2.c4 e6 3.b3 Nf6 4.Bb2 Be7 5.g3 O-O 6.Bg2 b6 7.O-O Bb7 8.Nc3 d4 9.Nb1
c5 10.e3 dxe3 11.fxe3 Nc6 12.Qe2 Qc7 13.Nc3 Rad8 14.Rad1 Qb8 15.d4 Rfe8 16.d5
exd5 17.Nxd5 Nxd5 18.cxd5 Nb4 19.Ne5 f6 20.Qh5 Bxd5 21.Rxd5 Rxd5 22.Bxd5+ Nxd5
23.Nc6 {#r} 1-0

[Event "ch-DEN 2017"]
[Site "Skorping DEN"]
[Date "2017.04.14"]
[Round "7.5"]
[White "Hansen,Mads3"]
[Black "Carstensen,J"]
[Result "1-0"]
[WhiteElo "2444"]
[BlackElo "2381"]

1.e4 c5 2.Nf3 d6 3.d4 Nf6 4.Nc3 cxd4 5.Nxd4 a6 6.h3 e5 7.Nde2 h5 8.Bg5 Be6
9.Bxf6 Qxf6 10.Nd5 Qd8 11.Qd3 Nc6 12.O-O-O Rc8 13.Kb1 Bxd5 14.Qxd5 b5 15.c3
Qb6 16.f4 Be7 17.Ng3 exf4 18.Nxh5 O-O 19.Nxf4 Bf6 20.Qb3 Be5 21.Nd5 Qa7 22.Be2
Rb8 23.Rhf1 Ne7 24.Nxe7+ Qxe7 25.Rf3 g6 26.Rdf1 Kg7 27.Bd1 a5 28.Qd5 a4 29.a3
f6 30.Be2 Rfc8 31.h4 Rc5 32.Qd2 Rh8 33.Rh3 Qe6 34.Rff3 Qg4 35.Rxf6 Qxg2
36.Rf7+ Kg8 37.Rhf3 Rxh4 38.Rf8+ Kh7 39.R8f7+ Kg8 40.Ka2 Qh2 41.Qg5 {#r} 1-0

[Event "ch-FAI 2017"]
[Site "Runavik FAI"]
[Date "2017.04.14"]
[Round "5.2"]
[White "Nielsen,Ho"]
[Black "Poulsen,Ma"]
[Result "1-0"]
[WhiteElo "2307"]
[BlackElo "2222"]

1.e4 g6 2.d4 Bg7 3.Nc3 c6 4.Be3 d5 5.f3 Nf6 6.h3 dxe4 7.fxe4 O-O 8.Nf3 Nh5
9.Bf2 Qc7 10.e5 Nf4 11.Qd2 Ne6 12.a4 Qa5 13.Bc4 Nc7 14.O-O Be6 15.Bd3 Qb4
16.a5 b5 17.axb6 axb6 18.Rxa8 Nxa8 19.Ra1 Nc7 20.Ra4 Qxb2 21.Nd1 Qb1 22.c4 Qb3
23.Bc2 Bh6 24.Bxb3 Bxd2 25.Nxd2 b5 26.Ra7 bxc4 27.Bxc4 Bxc4 28.Nxc4 Nd5 {#r}
1-0

[Event "TV2 GM Open 2017"]
[Site "Fagernes NOR"]
[Date "2017.04.14"]
[Round "7.1"]
[White "Blomqvist,E"]
[Black "Vovk,A"]
[Result "0-1"]
[WhiteElo "2548"]
[BlackElo "2636"]

1.e4 c5 2.Nf3 e6 3.d4 cxd4 4.Nxd4 Nc6 5.Nc3 Qc7 6.g3 a6 7.Bg2 Nge7 8.a4 Nxd4
9.Qxd4 Nc6 10.Qc4 Bd6 11.O-O h5 12.Be3 h4 13.Rfd1 hxg3 14.hxg3 Ne5 15.Qxc7
Bxc7 16.Bc5 f6 17.b3 b6 18.Bd6 Ra7 19.Rac1 g5 20.f3 Nf7 21.Bxc7 Rxc7 22.Nb1
Ke7 23.Kf2 Bb7 24.Na3 g4 25.Nc4 gxf3 26.Bxf3 Ng5 27.Nxb6 Rh2+ 28.Ke3 Nxf3
29.Kxf3 f5 30.c4 Bxe4+ 31.Ke3 a5 32.Rc3 Rg2 33.Kf4 d6 34.c5 e5+ 35.Kg5 Rxc5
36.Nc8+ Rxc8 37.Rxc8 Rxg3+ 38.Kh6 Rxb3 39.Rc7+ Ke6 40.Kg7 Rb7 41.Rc1 f4 {#R}
0-1

[Event "TV2 GM Open 2017"]
[Site "Fagernes NOR"]
[Date "2017.04.14"]
[Round "7.5"]
[White "Prohaszka,P2"]
[Black "Kazakovskiy,Valeriy"]
[Result "1-0"]
[WhiteElo "2592"]
[BlackElo "2454"]

1.d4 Nf6 2.c4 e6 3.g3 Bb4+ 4.Bd2 Qe7 5.Nf3 Bxd2+ 6.Qxd2 O-O 7.Bg2 d6 8.Nc3 e5
9.O-O Re8 10.e4 c6 11.Rfe1 Na6 12.h3 Nc7 13.Rad1 b6 14.b4 Bb7 15.c5 exd4
16.Nxd4 dxc5 17.Nf5 Qf8 18.bxc5 Qxc5 19.e5 Rad8 20.Qxd8 Rxd8 21.Rxd8+ Nfe8
22.Ne4 Qb4 23.Red1 Qa4 24.R1d7 {#r} 1-0

[Event "TV2 GM Open 2017"]
[Site "Fagernes NOR"]
[Date "2017.04.14"]
[Round "7.6"]
[White "Hedman,E"]
[Black "Urkedal,F"]
[Result "0-1"]
[WhiteElo "2367"]
[BlackElo "2552"]

1.d4 Nf6 2.c4 e6 3.Nf3 b6 4.g3 Ba6 5.Nbd2 Bb4 6.Qc2 Bb7 7.Bg2 Be4 8.Qa4 Bxd2+
9.Bxd2 O-O 10.O-O d6 11.Rfd1 Qc8 12.Bg5 Nbd7 13.Bh3 h6 14.Be3 Qb7 15.Nd2 Bc6
16.Qc2 b5 17.b3 a5 18.d5 exd5 19.c5 Nxc5 20.Bxc5 dxc5 21.Qxc5 b4 22.Bg2 Bb5
23.Nc4 c6 24.Ne5 Rfe8 25.f4 Bxe2 26.Rdc1 Bb5 27.Nxc6 Bxc6 28.Qxc6 Re1+ {#R}
0-1

[Event "TV2 GM Open 2017"]
[Site "Fagernes NOR"]
[Date "2017.04.14"]
[Round "7.9"]
[White "Jarvenpaa,J"]
[Black "Christiansen,Johan-Sebastian"]
[Result "0-1"]
[WhiteElo "2244"]
[BlackElo "2429"]

1.Nf3 c5 2.b3 d6 3.c4 e5 4.Nc3 f5 5.d3 Nf6 6.e3 Nc6 7.Bb2 Be7 8.Be2 O-O 9.O-O
Kh8 10.Nd2 Be6 11.Bf3 Qd7 12.a3 g5 13.Bd5 Bf7 14.f4 gxf4 15.Bxc6 bxc6 16.exf4
exf4 17.Rxf4 d5 18.Ne2 d4 19.b4 Rab8 20.Ra2 Bd6 21.bxc5 Bxf4 22.Nxf4 Rfd8
23.Qa1 Rb7 24.Ne2 Kg8 25.Bxd4 Ng4 26.Nf3 Rdb8 27.Nc3 Rb3 28.h3 Rxc3 29.Bxc3
Qxd3 30.Bb4 a5 31.hxg4 axb4 32.axb4 fxg4 33.Ra8 Qe3+ 34.Kh1 Rxa8 35.Qxa8+ Be8
36.Nd2 g3 37.Nf3 Qh6+ 38.Kg1 Qc1+ {#R} 0-1

[Event "TV2 GM Open 2017"]
[Site "Fagernes NOR"]
[Date "2017.04.14"]
[Round "7.13"]
[White "Westerinen,H"]
[Black "Dahl,Trygve"]
[Result "1-0"]
[WhiteElo "2314"]
[BlackElo "2099"]

1.e4 c5 2.Nf3 e6 3.g3 d5 4.exd5 exd5 5.Bg2 Nf6 6.O-O Be7 7.d4 c4 8.b3 cxb3
9.axb3 O-O 10.Ba3 Nc6 11.Bxe7 Qxe7 12.Re1 Qb4 13.c3 Qb6 14.Ne5 Bf5 15.Nd2 Rac8
16.b4 Nxe5 17.Rxe5 Be6 18.Ra3 Rc7 19.h3 Rfc8 20.Re3 Ne8 21.Qa4 Nd6 22.Qxa7
Qxa7 23.Rxa7 Nb5 24.Ra1 Rxc3 25.Rxc3 Nxc3 26.Bf1 g6 27.f3 Bd7 28.Ra7 Rc7
29.Nb3 Bb5 30.Bxb5 Nxb5 31.Ra5 Nd6 32.Rxd5 Nf5 33.g4 Nh4 34.Rc5 Re7 35.Kf2 f6
36.d5 g5 37.Rc8+ Kf7 38.Nc5 b6 39.d6 {#r} 1-0

[Event "TV2 GM Open 2017"]
[Site "Fagernes NOR"]
[Date "2017.04.14"]
[Round "7.14"]
[White "Risting,Eivind Olav"]
[Black "Ingebretsen,Jens E"]
[Result "1-0"]
[WhiteElo "2250"]
[BlackElo "2032"]

1.d4 Nf6 2.Bg5 e6 3.e4 h6 4.Bxf6 Qxf6 5.c3 b6 6.Bd3 Bb7 7.Ne2 c5 8.O-O Nc6
9.d5 Ne5 10.Bc2 Ba6 11.b3 d6 12.f4 Ng4 13.Rf3 Qh4 14.h3 Nf6 15.dxe6 fxe6 16.e5
Nd5 17.Bg6+ Kd8 18.c4 Nb4 19.a3 Nc6 20.Be4 Bb7 21.Nbc3 a6 22.Rd3 Kc8 23.exd6
g6 24.Na4 Qd8 25.b4 cxb4 26.c5 bxc5 27.Nxc5 Qb6 28.Rc1 Bg7 29.Kh1 Bc3 30.Nxb7
Kxb7 31.Nxc3 bxc3 32.Rdxc3 Rac8 33.d7 {#r} 1-0

[Event "TV2 GM Open 2017"]
[Site "Fagernes NOR"]
[Date "2017.04.14"]
[Round "7.16"]
[White "Gronnestad,A"]
[Black "Lillevold,F"]
[Result "0-1"]
[WhiteElo "1966"]
[BlackElo "2135"]

1.c4 e6 2.Nf3 d5 3.b3 Nf6 4.Bb2 c5 5.e3 Nc6 6.g3 Be7 7.Bg2 O-O 8.O-O Re8 9.Nc3
d4 10.exd4 cxd4 11.Ne2 e5 12.d3 Bf5 13.Nh4 Be6 14.a3 a5 15.Rc1 Nd7 16.Nf3 Nc5
17.Ra1 Qb6 18.Nc1 Bf5 19.Re1 Bf6 20.Bf1 Rad8 21.Nd2 Bg5 22.Ne4 Bxe4 23.dxe4
Bxc1 24.Bxc1 Nxb3 25.Rb1 a4 26.Qg4 Kh8 27.Bd3 Qc5 28.Bb2 Nca5 29.Qh5 f6 30.Re2
Nxc4 31.Rc2 b5 32.Bc1 Rc8 33.g4 Qf8 34.Qh3 g5 35.Qh5 Kg7 36.Qh3 Nxa3 37.Bxa3
Qxa3 38.Bxb5 Rxc2 39.Bxe8 Rc1+ 40.Rxc1 Qxc1+ 41.Kg2 Nd2 42.Qd3 a3 {#R} 0-1

[Event "TV2 IM 2017"]
[Site "Fagernes NOR"]
[Date "2017.04.14"]
[Round "7.3"]
[White "Nyland,T"]
[Black "Akesson,R"]
[Result "0-1"]
[WhiteElo "2104"]
[BlackElo "2452"]

1.e4 c5 2.g3 d5 3.d3 Nc6 4.Nc3 dxe4 5.dxe4 Qxd1+ 6.Nxd1 b6 7.f3 Bb7 8.c3 Nf6
9.Be2 e6 10.Nh3 h6 11.Nhf2 g5 12.h4 Rg8 13.hxg5 hxg5 14.Ne3 Bd6 15.Nf1 O-O-O
16.Be3 Bc7 17.Rd1 Ne5 18.Rxd8+ Kxd8 19.g4 Ke7 20.Nd2 Rg7 21.Kd1 Nfd7 22.Rh5 f6
23.Nd3 Nxd3 24.Bxd3 Ne5 25.Be2 Ng6 26.a4 Nf4 27.Rh6 Nxe2 28.Kxe2 Be5 29.a5
Ba6+ 30.Kf2 Kd6 31.axb6 axb6 32.Rh1 Kc6 33.Nb1 Bd3 34.Na3 Ra7 35.Bc1 b5 36.Rd1
Rd7 37.Bd2 Rh7 38.Bxg5 Rh2+ 39.Ke3 c4 40.f4 Re2+ 41.Kf3 fxg5 42.fxe5 Rxb2 {#R}
0-1

[Event "TV2 Elo Open 2017"]
[Site "Fagernes NOR"]
[Date "2017.04.14"]
[Round "7"]
[White "Mansoor,Afras"]
[Black "Reigstad,Erlend"]
[Result "1-0"]
[WhiteElo "2037"]
[BlackElo "1576"]

1.d4 e6 2.Nf3 Nf6 3.Bg5 Be7 4.Bxf6 Bxf6 5.e4 d5 6.e5 Be7 7.Bd3 c5 8.c3 Nc6
9.O-O cxd4 10.cxd4 O-O 11.Nc3 Bd7 12.Qe2 Qb6 13.Rad1 f5 14.exf6 Bxf6 15.Ne5
Nxd4 16.Qh5 Bxe5 17.Bxh7+ {#r} 1-0

[Event "TV2 Elo Open 2017"]
[Site "Fagernes NOR"]
[Date "2017.04.14"]
[Round "7"]
[White "Greibrokk,Maria"]
[Black "Ayzenberg,Alena"]
[Result "0-1"]
[WhiteElo "1638"]
[BlackElo "1992"]

1.e4 e6 2.d4 d5 3.Nd2 c5 4.exd5 Qxd5 5.Ngf3 cxd4 6.Bc4 Qd6 7.O-O Nf6 8.Nb3 Nc6
9.Nbxd4 Nxd4 10.Nxd4 a6 11.a4 Qc7 12.Bb3 Bd6 13.h3 O-O 14.Be3 b6 15.Qe2 Bb7
16.Rad1 Nd5 17.c3 Nxe3 18.Qxe3 Bf4 19.Qe2 Qe5 20.Qxe5 Bxe5 21.Rfe1 Bf6 22.Rd3
Rfd8 23.Bc4 e5 24.Nb3 Rxd3 25.Bxd3 Rd8 26.Be4 Bc8 27.Bc2 Be6 28.Re2 Kf8 29.Kf1
Bc4 30.Ke1 Bxe2 31.Kxe2 Bg5 32.f3 g6 33.g4 Ke7 34.Kf2 a5 35.Kg3 Be3 {#R} 0-1

[Event "TV2 Elo Open 2017"]
[Site "Fagernes NOR"]
[Date "2017.04.14"]
[Round "7"]
[White "Rasmussen,Jonas H"]
[Black "Greibrokk,Ingrid"]
[Result "0-1"]
[WhiteElo "1859"]
[BlackElo "1929"]

1.d4 d5 2.c4 e6 3.Nf3 c6 4.Nc3 dxc4 5.e3 b5 6.a4 Bb4 7.Bd2 a5 8.axb5 Bxc3
9.Bxc3 cxb5 10.d5 Nf6 11.dxe6 Qxd1+ 12.Kxd1 Bxe6 13.Rxa5 Rxa5 14.Bxa5 Nc6
15.Bc3 Ne4 16.Ke2 Nxc3+ 17.bxc3 O-O 18.Nd4 Nxd4+ 19.exd4 Ra8 20.Ke3 Ra3 21.d5
Bxd5 22.Kd4 Bb7 23.Be2 Rb3 24.f3 Rb2 25.Re1 g6 26.Bf1 Kg7 27.Re2 Rb1 28.Rf2
Bc8 29.g3 Be6 30.f4 Kf6 31.Bg2 b4 32.cxb4 Rxb4 33.Rc2 Rb1 34.Bd5 Rd1+ 35.Kxc4
Bxd5+ 36.Kc5 h5 37.Re2 Be6 {#R} 0-1

[Event "TV2 Elo Open 2017"]
[Site "Fagernes NOR"]
[Date "2017.04.14"]
[Round "7"]
[White "Nass,Maria"]
[Black "Nass,Sara"]
[Result "0-1"]
[WhiteElo "1659"]
[BlackElo "1909"]

1.e4 c6 2.d4 d5 3.Nc3 dxe4 4.Nxe4 Bf5 5.Ng3 Bg6 6.Nf3 Nd7 7.h4 h6 8.Bd3 Bxd3
9.Qxd3 e6 10.Bf4 Qa5+ 11.c3 Ngf6 12.O-O Nd5 13.Bd2 Qc7 14.Rfe1 O-O-O 15.c4 Nf4
16.Bxf4 Qxf4 17.d5 exd5 18.cxd5 Nf6 19.Qb3 Rxd5 20.Rac1 Bc5 21.Rc4 Qd6 22.Ne4
Nxe4 23.Rcxe4 Qf6 24.Qc2 Rhd8 25.b4 Bb6 26.a4 a6 27.Rb1 Qf5 28.Qc4 Rd4 29.Rxd4
Qxb1+ 30.Kh2 Bxd4 31.Nxd4 Qe4 {#R} 0-1

[Event "TV2 Elo Open 2017"]
[Site "Fagernes NOR"]
[Date "2017.04.14"]
[Round "7"]
[White "Skjelstad,Erling"]
[Black "Ranby,H"]
[Result "0-1"]
[WhiteElo "1671"]
[BlackElo "1891"]

1.e4 g6 2.f4 Bg7 3.Nf3 d6 4.Bc4 Nf6 5.d3 O-O 6.O-O Bg4 7.Nc3 c5 8.Bb3 Nc6
9.Ne2 Qc7 10.c3 Rac8 11.Ng3 e6 12.Qe1 Bxf3 13.Rxf3 b5 14.f5 exf5 15.exf5 Ne5
16.Re3 Nfg4 17.fxg6 hxg6 18.Ne4 Nxe3 19.Bxe3 c4 20.dxc4 Nxc4 21.Qg3 d5 22.Bf4
Qb6+ 23.Nf2 Rfe8 24.Rf1 Re2 25.Kh1 Rce8 26.Ng4 Qe6 {#R} 0-1

[Event "TV2 Elo Open 2017"]
[Site "Fagernes NOR"]
[Date "2017.04.14"]
[Round "7"]
[White "Gundersen,I"]
[Black "Tenold,Andreas"]
[Result "1-0"]
[WhiteElo "1825"]
[BlackElo "1687"]

1.Nf3 g6 2.g3 Bg7 3.Bg2 e5 4.e4 Nc6 5.c3 Nge7 6.O-O O-O 7.d4 exd4 8.cxd4 d5
9.e5 Bg4 10.Re1 Nf5 11.Be3 Qd7 12.Na3 Nxe3 13.Rxe3 f6 14.Qb3 Kh8 15.exf6 Bxf6
16.Ne5 Bxe5 17.dxe5 Qf5 18.f4 d4 19.Be4 Qh5 20.Rd3 Bf5 21.Bf3 Qh3 22.Bg2 Qh5
23.Rd2 Rab8 24.Rc1 d3 25.Qc3 Ne7 26.Nb5 a6 27.Nxc7 Rfc8 28.e6+ Kg8 29.Qf6 Nc6
30.e7 Rxc7 31.Bd5+ {#r} 1-0

[Event "TV2 Elo Open 2017"]
[Site "Fagernes NOR"]
[Date "2017.04.14"]
[Round "7"]
[White "Hina,Ariza"]
[Black "Sebastian,Andreas"]
[Result "0-1"]
[WhiteElo "1525"]
[BlackElo "1810"]

1.e4 c5 2.Nf3 e6 3.d4 cxd4 4.Nxd4 Nc6 5.Nc3 Qc7 6.Be3 a6 7.Nb3 Nf6 8.Bd3 Be7
9.f3 O-O 10.g4 b5 11.f4 d5 12.g5 Nxe4 13.Nxe4 dxe4 14.Bxe4 Bb7 15.Qh5 g6
16.Qf3 Rad8 17.h4 Nb4 18.Nd4 Rxd4 19.Bxd4 Nxc2+ 20.Kf2 Nxd4 21.Qe3 Bc5 22.Kg2
Nc2 23.Qe2 Nxa1 24.Rxa1 Rd8 25.Kg3 Bxe4 26.Qxe4 Rd4 27.Qa8+ Kg7 28.Qf3 Rxf4
29.Qc3+ Kg8 30.Kh3 Qc6 31.Qe1 Qf3+ {#R} 0-1

[Event "TV2 Elo Open 2017"]
[Site "Fagernes NOR"]
[Date "2017.04.14"]
[Round "7"]
[White "Gressli,Kristoffer"]
[Black "Olsen,Alf Marius Foss"]
[Result "1-0"]
[WhiteElo "1752"]
[BlackElo "1712"]

1.e4 c5 2.Nc3 d6 3.f4 Nc6 4.Nf3 Nf6 5.Bc4 g6 6.O-O Bg7 7.d3 O-O 8.Qe1 a6 9.f5
b5 10.Bb3 e6 11.fxg6 fxg6 12.Ng5 Qe7 13.Qh4 Ra7 14.Be3 Kh8 15.g4 Nd4 16.e5
dxe5 17.Nce4 Rc7 18.Rf2 h6 19.Nxf6 Bxf6 20.Qxh6+ Kg8 21.Bxd4 exd4 22.Raf1 Qg7
23.Bxe6+ Bxe6 24.Qxg7+ Bxg7 25.Rxf8+ Bxf8 26.Rxf8+ Kxf8 27.Nxe6+ {#r} 1-0

[Event "TV2 Elo Open 2017"]
[Site "Fagernes NOR"]
[Date "2017.04.14"]
[Round "7"]
[White "Rolstad,Morten"]
[Black "Krogseth,Lars Martin"]
[Result "1-0"]
[WhiteElo "1668"]
[BlackElo "1618"]

1.e4 e6 2.d4 d5 3.Nd2 c5 4.Ngf3 Nc6 5.exd5 exd5 6.Bb5 Bd7 7.O-O Qb6 8.Qe2+ Be7
9.dxc5 Qxc5 10.Nb3 Qd6 11.Re1 h6 12.Be3 Qe6 13.c4 Nf6 14.Rad1 O-O 15.cxd5 Nxd5
16.Bc4 Bb4 17.Bxd5 Qg6 18.Nfd2 Rfe8 19.Qf3 Ne5 20.Qg3 Qxg3 21.hxg3 Nd3 22.Rf1
Bg4 23.Nf3 Nxb2 24.Rd4 Bxf3 25.Bxf3 Bc3 26.Rd7 Nc4 27.Bd5 Ne5 28.Rxb7 Red8
29.Rd1 Kh8 30.Bf4 f6 31.Nc5 Rab8 32.Rxb8 Rxb8 33.Bb3 a5 34.Ne4 Bb4 35.Nd6 a4
36.Bxa4 Bxd6 37.Rxd6 Rb1+ 38.Rd1 Rxd1+ 39.Bxd1 {#r} 1-0

[Event "3rd HSK Easter Open 2017"]
[Site "Hamburg GER"]
[Date "2017.04.14"]
[Round "1.1"]
[White "Nedic,D"]
[Black "Hourigan,Gerrit"]
[Result "1-0"]
[WhiteElo "2352"]
[BlackElo "1837"]
[EventType "swiss"]

1.d4 Nf6 2.Nf3 e6 3.c4 b6 4.g3 Bb7 5.Bg2 Bb4+ 6.Bd2 c5 7.O-O O-O 8.Bxb4 cxb4
9.Qb3 a5 10.a3 Na6 11.Nbd2 d6 12.Rfd1 Qe7 13.Nf1 Rab8 14.Rac1 e5 15.Ne3 g6
16.Nc2 bxa3 17.Qxa3 Rfe8 18.Nfe1 e4 19.Ne3 Nh5 20.N1c2 Kh8 21.b4 Nxb4 22.Nxb4
axb4 23.Qxb4 Bc6 24.Ra1 b5 25.d5 Bd7 26.Ra7 bxc4 27.Qxc4 Nf6 28.Bh3 Qd8
29.Bxd7 Nxd7 30.Qd4+ Kg8 31.Ng4 Ne5 32.Nh6+ Kf8 33.Qxe4 Qg5 34.Qf4 {#r} 1-0

[Event "3rd HSK Easter Open 2017"]
[Site "Hamburg GER"]
[Date "2017.04.14"]
[Round "1.2"]
[White "Lam,Daniel"]
[Black "Krause,Jonah"]
[Result "0-1"]
[WhiteElo "1835"]
[BlackElo "2341"]
[EventType "swiss"]

1.e4 c5 2.Nf3 e6 3.d4 cxd4 4.Nxd4 Nc6 5.Nb5 d6 6.c4 a6 7.N5c3 Nf6 8.Be2 Be7
9.O-O O-O 10.Na3 b6 11.Nc2 Bb7 12.Kh1 Rc8 13.b3 Ne5 14.f4 Ned7 15.Bf3 b5
16.Qe2 Qc7 17.Ne3 b4 18.Na4 Nxe4 19.Nc2 d5 20.cxd5 exd5 21.Ne3 Bf6 22.Rb1 Rfe8
23.Qd3 Ndc5 24.Nxc5 Qxc5 25.g4 Bc6 26.Kg2 Bb5 27.Qxd5 Bxf1+ 28.Kxf1 Nc3
29.Qxc5 Rxc5 30.Ra1 Nxa2 {#R} 0-1

[Event "3rd HSK Easter Open 2017"]
[Site "Hamburg GER"]
[Date "2017.04.14"]
[Round "1.3"]
[White "Kramer,Julian"]
[Black "Junker,S"]
[Result "1-0"]
[WhiteElo "2334"]
[BlackElo "1827"]
[EventType "swiss"]

1.e4 d6 2.d4 Nf6 3.Nc3 g6 4.f4 Bg7 5.Nf3 c5 6.Bb5+ Bd7 7.Bxd7+ Nfxd7 8.d5 Qa5
9.O-O Bxc3 10.bxc3 Qxc3 11.Rb1 b6 12.Bb2 Qe3+ 13.Kh1 O-O 14.Ng5 c4 15.Rf3 Qc5
16.Bd4 Qa5 17.Rh3 Nf6 18.Bxf6 exf6 19.Nxh7 Nd7 20.Qg4 Qxa2 21.Rg1 Qa4 22.Qh4
Kg7 23.Qh6+ {#r} 1-0

[Event "3rd HSK Easter Open 2017"]
[Site "Hamburg GER"]
[Date "2017.04.14"]
[Round "1.4"]
[White "Schwarzkopf,J"]
[Black "Uksini,Bardhyl"]
[Result "0-1"]
[WhiteElo "1814"]
[BlackElo "2319"]
[EventType "swiss"]

1.e4 c5 2.c3 Nf6 3.e5 Nd5 4.Bc4 Nb6 5.Bb3 d5 6.exd6 e6 7.d4 Bxd6 8.dxc5 Bxc5
9.Qxd8+ Kxd8 10.Nf3 Nc6 11.O-O Ke7 12.Nbd2 f5 13.Nc4 h6 14.Re1 Kf6 15.Bf4 Nxc4
16.Bxc4 g5 17.Be5+ Nxe5 18.Nxe5 Bd6 19.Nf3 e5 20.Rad1 Bc7 21.Rd5 Be6 22.Rc5
Bd6 23.Bxe6 Bxc5 24.Bxf5 Bxf2+ 25.Kxf2 Kxf5 26.Rxe5+ Kf6 27.Rb5 b6 28.Nd4 Rac8
29.Ke3 Rc5 30.Rxc5 bxc5 31.Nb3 Re8+ 32.Kd3 c4+ 33.Kxc4 Re2 34.Nd4 Rxb2 35.Kd5
Rxa2 36.c4 Rxg2 37.c5 Rd2 38.c6 Ke7 39.Kc5 Rxd4 40.Kxd4 {#R} 0-1

[Event "3rd HSK Easter Open 2017"]
[Site "Hamburg GER"]
[Date "2017.04.14"]
[Round "1.5"]
[White "Trisic,A"]
[Black "Tscherepanov,L"]
[Result "1-0"]
[WhiteElo "2294"]
[BlackElo "1809"]
[EventType "swiss"]

1.d4 e6 2.c4 d5 3.Nc3 c6 4.Nf3 dxc4 5.a4 Bb4 6.e4 b5 7.Bd2 Bb7 8.axb5 Bxc3
9.bxc3 cxb5 10.Qb1 Bc6 11.Ne5 a6 12.g3 Nf6 13.Bg2 h6 14.O-O O-O 15.f4 Qc8
16.g4 Bb7 17.g5 hxg5 18.fxg5 Nfd7 19.Ng4 Nc6 20.Qe1 Ne7 21.Qh4 Ng6 22.Qh5 Qc6
23.Rae1 e5 24.d5 Qd6 25.Re3 Rfd8 26.Rh3 Ndf8 27.Nf6+ gxf6 28.gxf6 Bc8 29.Qh6
Qxf6 30.Rxf6 Bxh3 31.Bxh3 {#r} 1-0

[Event "3rd HSK Easter Open 2017"]
[Site "Hamburg GER"]
[Date "2017.04.14"]
[Round "1.6"]
[White "Mix,Clemens"]
[Black "Gaede,D"]
[Result "0-1"]
[WhiteElo "1806"]
[BlackElo "2285"]
[EventType "swiss"]

1.e4 e6 2.d4 d5 3.Nd2 Nf6 4.e5 Nfd7 5.Bd3 c5 6.c3 Nc6 7.Ne2 cxd4 8.cxd4 f6
9.Nf4 Nxd4 10.Qh5+ Ke7 11.Ng6+ hxg6 12.exf6+ Nxf6 13.Qxh8 Kf7 14.Qh4 e5 15.O-O
Bf5 16.Bxf5 gxf5 17.Nb3 Nxb3 18.axb3 Bc5 19.Bd2 Ne4 20.Qxd8 Rxd8 21.Rad1 d4
22.Kh1 d3 23.Be3 Bxe3 24.fxe3 Ke6 25.Kg1 g5 26.Rfe1 d2 27.Re2 a5 28.Kf1 Rd3
29.b4 axb4 30.Kg1 Kd5 31.g3 g4 32.Kg2 Kc4 33.Kf1 Kb3 {#R} 0-1

[Event "3rd HSK Easter Open 2017"]
[Site "Hamburg GER"]
[Date "2017.04.14"]
[Round "1.7"]
[White "Groetzbach,J"]
[Black "Foo,Tzun Hong"]
[Result "1-0"]
[WhiteElo "2246"]
[BlackElo "1806"]
[EventType "swiss"]

1.Nf3 d5 2.g3 c5 3.Bg2 Nc6 4.d4 Nf6 5.O-O cxd4 6.Nxd4 e5 7.Nxc6 bxc6 8.c4 Be6
9.Nc3 h6 10.Qa4 Qd7 11.cxd5 cxd5 12.Qxd7+ Bxd7 13.Nxd5 Nxd5 14.Bxd5 Rd8 15.Be3
Bb5 16.Bf3 a6 17.Rfd1 Bd6 18.a4 Bc4 19.Bb6 O-O 20.Bxd8 Rxd8 21.Rac1 Bb3 22.Rd3
Bxa4 23.Bc6 {#r} 1-0

[Event "3rd HSK Easter Open 2017"]
[Site "Hamburg GER"]
[Date "2017.04.14"]
[Round "1.8"]
[White "Speck,Jakob"]
[Black "Kahlert,T"]
[Result "0-1"]
[WhiteElo "1767"]
[BlackElo "2239"]
[EventType "swiss"]

1.e4 e5 2.Nf3 Nc6 3.d4 exd4 4.Nxd4 Nf6 5.Nc3 Bb4 6.Nxc6 bxc6 7.Bd3 d5 8.O-O
O-O 9.e5 Ng4 10.Qe2 Re8 11.f4 Bc5+ 12.Kh1 Nxh2 13.Bxh7+ Kxh7 14.Qh5+ Kg8
15.Qxh2 Bf5 16.Na4 Re6 17.Nxc5 Rh6 18.Qxh6 gxh6 19.c3 Kh7 20.Be3 Qh4+ 21.Kg1
Rg8 22.Rf3 Bh3 {#R} 0-1

[Event "3rd HSK Easter Open 2017"]
[Site "Hamburg GER"]
[Date "2017.04.14"]
[Round "2.1"]
[White "Pererva,Viktor"]
[Black "Nedic,D"]
[Result "0-1"]
[WhiteElo "2093"]
[BlackElo "2352"]
[EventType "swiss"]

1.d4 Nf6 2.c4 e6 3.Nc3 d5 4.cxd5 exd5 5.Bg5 Be7 6.e3 c6 7.Qc2 O-O 8.Bd3 Nbd7
9.Nge2 Re8 10.O-O Nf8 11.f3 Be6 12.Kh1 Rc8 13.Qd2 N6d7 14.Bxe7 Qxe7 15.Rae1
Nb6 16.Nf4 Rcd8 17.Qf2 Bc8 18.Bb1 Qg5 19.Nd3 f6 20.f4 Qh6 21.Rg1 Ng6 22.g4 Qh4
23.Qf3 Nc4 24.Rg3 Nd2 25.Qg2 Nxb1 26.Rxb1 Qh6 27.Rg1 Nh4 28.Qf2 g5 29.f5 Qf8
30.Re1 b6 31.e4 dxe4 32.Nxe4 c5 33.Rge3 Kg7 34.Kg1 cxd4 35.R3e2 h5 36.Nf4 hxg4
37.Nh5+ Kf7 38.Rc1 d3 39.Rc7+ Rd7 40.Rxd7+ Bxd7 41.Nhxf6 Nf3+ 42.Kg2 dxe2
43.Nxd7 Rxe4 {#R} 0-1

[Event "3rd HSK Easter Open 2017"]
[Site "Hamburg GER"]
[Date "2017.04.14"]
[Round "2.2"]
[White "Krause,Jonah"]
[Black "Martin Sommerfeldt,L1"]
[Result "1-0"]
[WhiteElo "2341"]
[BlackElo "2081"]
[EventType "swiss"]

1.d4 Nf6 2.c4 e6 3.g3 Bb4+ 4.Bd2 Be7 5.Nf3 O-O 6.Bg2 d6 7.Nc3 Nbd7 8.O-O c6
9.e4 e5 10.h3 Re8 11.Be3 Bf8 12.d5 c5 13.Ne1 a6 14.a4 b6 15.Nd3 Re7 16.b4 cxb4
17.Nxb4 Qc7 18.Nc6 Re8 19.a5 bxa5 20.Qa4 Bb7 21.Rfb1 Bxc6 22.dxc6 Nc5 23.Bxc5
dxc5 24.Rb7 Qd6 25.Rd1 Qe6 26.Nd5 Bd6 27.Qxa5 Rec8 28.Nb6 Ne8 29.Nxa8 Rxa8
30.Rd7 Bf8 31.c7 Rc8 32.Rd8 Nxc7 33.Qxc5 Rxd8 34.Rxd8 Ne8 35.Qd5 Nc7 36.Qb7
Qe7 37.Rc8 {#r} 1-0

[Event "3rd HSK Easter Open 2017"]
[Site "Hamburg GER"]
[Date "2017.04.14"]
[Round "2.5"]
[White "Scheitz,M"]
[Black "Trisic,A"]
[Result "0-1"]
[WhiteElo "2074"]
[BlackElo "2294"]
[EventType "swiss"]

1.d4 Nf6 2.c4 g6 3.g3 c5 4.Nf3 Bg7 5.Bg2 O-O 6.O-O d6 7.dxc5 dxc5 8.Ne5 Nfd7
9.Nd3 Nc6 10.Nc3 Nd4 11.Bf4 e5 12.Bd2 f5 13.b3 e4 14.Nf4 Ne5 15.f3 exf3
16.exf3 Re8 17.Nfd5 Bd7 18.Bf4 Bc6 19.Rc1 Rc8 20.Qd2 Nf7 21.Rce1 Ne6 22.Be3 a6
23.a4 Nd4 24.Qd1 b5 25.axb5 axb5 26.f4 bxc4 27.bxc4 Nd6 28.Qd3 Kh8 29.Bd2 Rb8
30.Rxe8+ Bxe8 31.Rb1 Rxb1+ 32.Nxb1 Ba4 33.Na3 Bb3 34.Bc3 Qa8 35.Bb2 Qa4 36.Ne3
Qb4 37.Kf2 Ba2 38.Ba1 Ne4+ 39.Kf1 Bb3 40.Nac2 Bxc2 41.Nxc2 Qb1+ {#R} 0-1

[Event "3rd HSK Easter Open 2017"]
[Site "Hamburg GER"]
[Date "2017.04.14"]
[Round "2.8"]
[White "Kahlert,T"]
[Black "Habermann,Till"]
[Result "0-1"]
[WhiteElo "2239"]
[BlackElo "1894"]
[EventType "swiss"]

1.c4 c5 2.Nf3 Nc6 3.Nc3 Nf6 4.g3 g6 5.Bg2 Bg7 6.O-O O-O 7.d4 cxd4 8.Nxd4 d6
9.Nxc6 bxc6 10.Bxc6 Bh3 11.Bxa8 Qxa8 12.f3 Bxf1 13.Kxf1 Qc8 14.Be3 Qxc4 15.Rc1
Qa6 16.a4 Rc8 17.Nb5 Rxc1 18.Bxc1 Qb7 19.Qc2 h5 20.Qc7 Qd5 21.Nc3 Qe6 22.Qxa7
Qh3+ 23.Kg1 h4 24.gxh4 Qxh4 25.Bd2 Nh5 26.Qa8+ Kh7 27.Qe4 Bd4+ 28.Kg2 Qf2+
29.Kh3 Qf1+ {#R} 0-1